LEADER 01150nam a2200241 i 4500 001 000000251889 003 CaOOAMICUS 005 20200825175328.0 008 161206s1826 it u000 u ita u 013 $a230794 026 $ae.e, leia a-so giLa (3) 1826 (A) 040 $aSeMil$bita 100 1 $aDroz, Joseph.$0(OLS)http://semarc/name/36408 245 13$aLa morale applicata alla politica. Operetta di Giuseppe Droz ... Prima traduzione italiana di S.C. accademico valdarnese. 264 1$aFirenze :$bPresso G. P. Vieusseux :$bTipografia di Luigi Pezzati,$c1826. 300 $a134, [2] p. ;$c8º. 650 4$aPolitica e male.$0(OLS)http://semarc/subject/43047 850 $aSeMil 852 $aSeMil$W1$xVenegono$y1$m3N II 37 FA$j202235$B202235$CSeMilBibl$Z2$F214917 $8I 961 $aRecupero: Mantegazza 996 $6245$aLa morale applicata alla politica. Operetta di Giuseppe Droz ... Prima traduzione italiana di S.C. accademico valdarnese$9(OLS)http://semarc/title/354016 996 $6264$aFirenze :$bPresso G. P. Vieusseux :$bTipografia di Luigi Pezzati$9(OLS)http://semarc/publisher/55473 LEADER 00949nam a2200229 i 4500 001 000000192296 003 CaOOAMICUS 005 20100914000000.0 008 100914s1920 it u000 u ita u 013 $a170869 040 $aSeMil$bita 100 1 $aBarbieri, Clemente.$0(OLS)http://semarc/name/8618 245 10$aSanta Giovanna d'Arco /$csac. Clemente Barbieri. 260 $aMilano :$bRomolo Ghirlanda,$c1920. 260 $aMilano :$bS. Lega Eucaristica,$c1920. 300 $a319 p., [1] p. di ritratto ;$c17 cm. 600 04$aGiovanna : d'Arco .$0(OLS)http://semarc/subject/8718 850 $aSeMil 852 $aSeMil$W1$xVenegono$y1$m3J I 132$j142872$B142872$CSeMilBibl$Z2$F154284 $81 996 $6245$aSanta Giovanna d'Arco$9(OLS)http://semarc/title/277121 996 $6260$aMilano :$bS. Lega Eucaristica$9(OLS)http://semarc/publisher/33613 996 $6260$aMilano :$bRomolo Ghirlanda$9(OLS)http://semarc/publisher/33465